| 000 | 01193cam a22003255i 4500 | ||
|---|---|---|---|
| 003 | EG-ScBUE | ||
| 005 | 20250206103445.0 | ||
| 008 | 090818s2024 ua f 0000 0 ara d | ||
| 017 | _a2023 / 21258 | ||
| 020 | _a9789779923178 | ||
| 040 |
_aEG-ScBUE _bara _erda _cEG-ScBUE _dEG-ScBUE |
||
| 082 | 0 | 4 |
_a155.2 _bي ي هـ _222 |
| 100 | 1 |
_aييه، لي مي، _eمؤلف، |
|
| 240 | 1 | 0 |
_aDallergut dream department. _lArabic |
| 245 | 1 | 0 |
_aمتجر دالوجوت للأحلام / _cلي مي ييه ؛ ترجمة سلمى حسنين. |
| 250 | _aالطبعة الأولى. | ||
| 264 | 1 |
_aالقاهرة : _bدار عصير الكتب، _c2024. |
|
| 300 |
_a255 صفحة ؛ _c24 سم |
||
| 336 |
_aنص _btxt _2rdacontent |
||
| 337 |
_aبدون وسيط _bn _2rdamedia |
||
| 338 |
_aمجلد _bnc _2rdacarrier |
||
| 541 | _aBook Fair 2025. | ||
| 546 | _aالنص باللغة العربية وتم ترجمته من اللغة الإنجليزية. | ||
| 650 | 7 |
_aالأحلام (علم نفس) _2BUEsh |
|
| 650 | 7 | _aالشخصية (علم نفس) | |
| 653 |
_bHHUUPPSS _cFebruary2025 |
||
| 655 | _vReading book | ||
| 700 | 1 |
_aحسنين، سلمى، _eمترجم. |
|
| 942 |
_2ddc _cBB |
||
| 999 |
_c30872 _d30843 |
||